Tutto in una volta: Herbert Achternbusch /

Saved in:
Bibliografiske detaljer
Hovedforfatter: Achternbusch, Herbert (Author)
Andre forfattere: Farano, Marco (Editor), Toffetti, Sergio (Editor)
Format: Bog
Sprog:italiensk
Udgivet: Torino : Lindau, [1996]
Serier:Universale/Cinema ; 23
Fag:
Tags: Tilføj Tag
Ingen Tags, Vær først til at tagge denne postø!

MARC

LEADER 00000nam a22000007i 4500
001 IT\ICCU\RAV\0292543
003 ItRI
005 20260115231919.0
008 970426s1996 it |||||| ||||| |||||c
020 |a 8871801172 
040 |b ita  |c importazione bologna sebina 
041 7 |a ita  |2 ISO-639-2 
082 |a 791.43  |9 CINEMA  |2 20 
245 0 0 |a Tutto in una volta: Herbert Achternbusch /  |c a cura di Marco Farano e Sergio Toffetti. 
246 1 3 |a Herbert Achternbusch  |9 IT\ICCU\VIA\0578033 
260 |a Torino :  |b Lindau,  |c [1996] 
300 |a 196 p., [12] c. di tav. :  |b ill. ;  |c 23 cm. 
650 7 |a Achternbusch, Herbert  |2 scbi 
700 1 |a Achternbusch, Herbert  |0 IT\ICCU\CFIV\030785  |4 aut 
700 1 |a Farano, Marco  |0 IT\ICCU\RAVV\100142  |4 edt 
700 1 |a Toffetti, Sergio  |0 IT\ICCU\CFIV\072995  |4 edt 
830 0 |a Universale/Cinema ;  |v 23  |0 IT\ICCU\RAV\0242057 
942 |2 ddc  |c BK  |n 0 
952 |0 0  |1 0  |4 0  |6 DOC_791_430000000000000_FAR  |7 0  |9 16348  |a BO  |b BO  |d 2026-01-15  |i 15617  |l 0  |o DOC 791.430 FAR  |p BO15617  |r 2026-01-15 23:19:19  |w 2026-01-15  |x [Sebina 5] [1 v.]  |y BK  |z 1 v. 
999 |c 14028  |d 14028